| 000 | 01484nam a22003017a 4500 | ||
|---|---|---|---|
| 005 | 20080918163843.0 | ||
| 008 | 080918t xxu||||| |||| 00| 0 hin d | ||
| 010 | _aHIN-92753 | ||
| 020 | _c250.00 | ||
| 035 | _aHN-65099 | ||
| 037 | _bDBAD / PUB | ||
| 040 |
_aDPL _bHN |
||
| 082 | _aक | ||
| 100 |
_9747 _aप्रमिला बहादुर |
||
| 245 |
_aपीले गुलाबः _cप्रमिला बहादुर _bहिंदी की श्रेष्ठ कहानियां / |
||
| 260 |
_aनई दिल्ली _bअनिल पब्लिशिंग हाउस _c2011 |
||
| 270 |
_a37/13, ओल्ड राजेंद्र नगर _bनई दिल्ली _e110060 _k25725747 |
||
| 300 |
_a168पृ. _c22सेमी (सजिल्द) |
||
| 650 |
_9697 _aलघु कथाएँ, हिन्दी |
||
| 650 |
_9698 _aShort Stories, Hindi |
||
| 700 | _927881 | ||
| 700 | _927882 | ||
| 700 | _927883 | ||
| 942 |
_2ddc _cHN _mप्रमिला _hक |
||
| 999 |
_c52558 _d52558 |
||